Průvodce řízením jakosti 1983 studijní texty ke korespondenčnímu kursu
Gespeichert in:
| Format: | Buch |
|---|---|
| Sprache: | Tschechisch |
| Veröffentlicht: |
Praha
Dům techniky ČSVTS
1983
|
| Tags: |
Keine Tags, Fügen Sie das erste Tag hinzu!
|
MARC
| LEADER | 00000nam a2200000 4500 | ||
|---|---|---|---|
| 001 | c116475 | ||
| 005 | 20221220090828.8 | ||
| 041 | 0 | |a cze | |
| 044 | |a CZ | ||
| 245 | 1 | 0 | |a Průvodce řízením jakosti 1983 |b studijní texty ke korespondenčnímu kursu |
| 264 | 1 | |a Praha |b Dům techniky ČSVTS |c 1983 | |
| 300 | |a 194 s. | ||